000 00817nam a22002177a 4500
999 _c7446
_d7446
005 20251125232814.0
008 s2519 th tha d
040 _aNALT
041 _atha
050 _aHX791 ธ6 2519
100 0 _aธานินทร์ กรัยวิเชียร
245 1 0 _aครูกับทางอยู่รอดของสังคมไทย [3rd]
260 3 _aกรุงเทพฯ :
_bกรมวิชาการ,
_c2519
300 _a81 หน้า ;
_b 26 ซม.
650 0 4 _aลัทธิคอมมิวนิสต์
650 0 4 _aคอมมิวนิสต์ -- ไทย
850 _aNALT
856 4 0 _uhttps://hdl.handle.net/20.500.14156/424478
942 _cGB
_2lcc
_02
998 _j8
_k บัณฑิต อุทาวงค์